| 000 | 00000nas##2200000za#4500 |
| 001 | 9.512278 |
| 003 | CaOODSP |
| 005 | 20210305151630 |
| 007 | ta |
| 008 | 150406c1988||||xxc|| p #||||f| |0eng|d |
| 022 | |a0848-2659 |
| 040 | |aCaOODSP|beng |
| 041 | |aeng |
| 041 | |afre |
| 043 | |an-cn--- |
| 086 | 1 |aX4 |
| 110 | 1 |aCanada. |bParliament. |bHouse of Commons. |
| 245 | 10|aOrder paper and notice paper |
| 260 | |aOttawa - Ontario : |bHouse of Commons |
| 310 | |aDaily |
| 362 | 1 |a34th Parliament, 1st session, no. 1/2 (Dec. 13, 1988) -- |
| 563 | |aProcessed |
| 776 | 0#|tOrder paper and notice paper = |w(CaOODSP)9.500648 |
| 792 | |tFeuilleton et feuilleton des avis |efre|w(CaOODSP)9.512279 |